1624 1214 1192 1446 1952 1414 1137 1341 1781 1173 1063 1243 1097 1389 1513 1538 1172 1387 1539 1845 1166 1911 1177 1763 1140 1604 1160 1680 1738 1189 1394 1387 1480 1931 1608 1510 1032 1078 1672 1167 1776 1015 1619 1194 1765 1606 1111 1725 1768 1610 1429 1150 1541 1672 1069 1025 1611 1782 1737 1586 1359 1660 1186 1061 1039 1329 1792 1931 1709 1547 1442 1623 1614 1283 1381 1853 1061 1211 1897 1201 1945 1404 1011 1070 1937 1497 1189 1431 1526 1153 1583 1647 1518 1892 1131 1350 1625 1813 1087 BCNSPRNW ULIB Ver.6.0+V

เปลี่ยนเป็นภาษาไทย

Change to English
 แสดงรายละเอียดบรรณานุกรม
  กลับหน้าหลัก

Brief Record : Get Marc (ISO 2709) : E-mail record : QR code < ปิดหน้าต่าง
LEADER : 00000nam 2200000uu 4500
001    13399112578
003     ULIB
008    110824s2553||||th 000 0 tha d
020    9786167346038
090    นว.^bธ814บ 2553
100 0  เธียรธีรินทร์
245 00 บัลลังก์ไข่มุก/^cเธียรธีรินทร์
250    พิมพ์ครั้งที่ 1
260    กรุงเทพฯ :^bSimpy Book,^c2553
300    320 หน้า
710 1  Simpy Book
945    ^p225^l0^i028085
995    ทศพร
999     ^aใช้งานได้ทุกระบบ
รายการนี้ยังไม่มีแท็ก
คุณยังไม่ได้ล็อกอิน คุณสามารถมีกิจกรรมร่วมกับเว็บไซต์ได้ แต่ต้องล็อกอินก่อน ::
  ล็อกอิน

รายการสื่อสารสนเทศ

ลำดับที่ ประเภท เลขเรียก/บาร์โค้ด สถานที่ สถานะ
- ไม่พบข้อมูล -

BibComment


ยังไม่เคยถูกคอมเมนท์

คอมเมนท์ทรัพยากรรายการนี้
  คอมเมนท์: บัลลังก์ไข่มุก เธ..


 Copyright 2026. Bcnsprnw @Library